[Event "CHI-chT"]
[Site "Santiago de Chile"]
[Date "2019.09.05"]
[Round "1.1"]
[White "Aguirre Contreras, Cristian Rodrigo"]
[Black "Vergara Castillo, Boris"]
[Result "1-0"]
[WhiteElo "2245"]
[BlackElo "1876"]
[PlyCount "77"]
[EventDate "2019.09.05"]
[EventType "team-swiss"]
[EventRounds "9"]
[EventCountry "CHI"]
[SourceTitle "CBM 193 Extra"]
[Source "ChessBase"]
[SourceDate "2020.01.31"]
[SourceVersion "1"]
[SourceVersionDate "2020.01.31"]
[SourceQuality "1"]
[WhiteTeam "Sertal II"]
[BlackTeam "Boston College"]
[WhiteTeamCountry "CHI"]
[BlackTeamCountry "CHI"]

1. e4 e5 2. Nf3 Nc6 3. Bc4 d6 4. 0-0 Be7 5. Re1 Nf6 6. c3 0-0 7. d3 a6 8. Bb3 h6 9. h3 Nh7 10. Nbd2 Ng5 11. Nf1 Be6 12. Bc2 Nxf3+ 13. Qxf3 Bg5 14. Ne3 g6 15. Rd1 Kg7 16. d4 exd4 17. cxd4 Bd7 18. Nd5 Bxc1 19. Raxc1 Rc8 20. Qc3 f5 21. e5 f4 22. Nf6 Rxf6 23. exf6+ Qxf6 24. Be4 Nd8 25. Qa5 c6 26. Qc3 d5 27. Bf3 Nf7 28. Re1 Qg5 29. Kh2 h5 30. Qb4 b5 31. Qe7 Qf5 32. Re5 Re8 33. Qxe8 Bxe8 34. Rxf5 gxf5 35. Bxh5 Kf6 36. b4 Bd7 37. Bxf7 Kxf7 38. Rc3 Kf6 39. h4 1-0

[Event "Serrano op 1st"]
[Site "Serrano"]
[Date "2015.09.28"]
[Round "5"]
[White "Vergara Castillo, Boris"]
[Black "Ojeda Venegas, Tomas Fernando"]
[Result "0-1"]
[WhiteElo "1942"]
[BlackElo "1813"]
[PlyCount "82"]
[EventDate "2015.09.07"]
[EventType "swiss"]
[EventRounds "7"]
[EventCountry "CHI"]
[SourceTitle "EXT 2017"]
[Source "ChessBase"]
[SourceDate "2016.10.25"]
[SourceVersion "1"]
[SourceVersionDate "2016.10.25"]
[SourceQuality "1"]

1. d4 Nf6 2. c4 g6 3. Nc3 Bg7 4. e4 d6 5. Nf3 0-0 6. Be2 e5 7. 0-0 Nc6 8. d5 Ne7 9. Ne1 Nd7 10. Be3 f5 11. f3 f4 12. Bf2 g5 13. Nd3 Ng6 14. Rc1 Rf7 15. c5 Nf6 16. cxd6 cxd6 17. Qc2 g4 18. Nb5 g3 19. hxg3 fxg3 20. Bxg3 Nh5 21. Bf2 Nhf4 22. Nxf4 Nxf4 23. Rfe1 Bh6 24. Bf1 Rg7 25. Bxa7 Bd7 26. Be3 Qh4 27. Bxf4 Bxf4 28. g4 Bxg4 29. fxg4 Rxg4+ 30. Bg2 Bh2+ 31. Kh1 Bg3+ 32. Kg1 Qh2+ 33. Kf1 Rf8+ 34. Ke2 Rf2+ 35. Kd3 Rxc2 36. Rxc2 Bxe1 37. Rc8+ Kg7 38. Rc7+ Kg6 39. Nxd6 Qxg2 40. Re7 Qd2+ 41. Kc4 Qb4+ 0-1

[Event "Serrano op 1st"]
[Site "Serrano"]
[Date "2015.09.09"]
[Round "2"]
[White "Poblete Rojas, Pablo"]
[Black "Vergara Castillo, Boris"]
[Result "1-0"]
[WhiteElo "1977"]
[BlackElo "1942"]
[PlyCount "125"]
[EventDate "2015.09.07"]
[EventType "swiss"]
[EventRounds "7"]
[EventCountry "CHI"]
[SourceTitle "EXT 2017"]
[Source "ChessBase"]
[SourceDate "2016.10.25"]
[SourceVersion "1"]
[SourceVersionDate "2016.10.25"]
[SourceQuality "1"]

1. e4 e5 2. Nf3 Nc6 3. Bb5 Nf6 4. d3 Bc5 5. 0-0 d6 6. Bxc6+ bxc6 7. c3 h6 8. Nbd2 0-0 9. Nc4 Be6 10. Qa4 Bd7 11. Re1 Ng4 12. d4 exd4 13. cxd4 Bxd4 14. Nxd4 c5 15. Nc6 Qe8 16. Qd1 Nxf2 17. Kxf2 Bxc6 18. Qg4 Kh8 19. Bd2 Bd7 20. Qh4 f5 21. Kg1 fxe4 22. Rxe4 Qg6 23. Rae1 Rae8 24. Rxe8 Rxe8 25. Rxe8+ Bxe8 26. Qe7 Bc6 27. Ne3 Qb1+ 28. Nf1 Qxb2 29. Qxc7 Qd4+ 30. Be3 Qd5 31. Qc8+ Kh7 32. Qg4 Qd3 33. h4 Bb5 34. Qf4 Qb1 35. a4 Bd3 36. g4 Qa1 37. Bc1 c4 38. Ng3 Qxa4 39. Kh2 d5 40. Kh3 Qb3 41. Be3 a5 42. g5 hxg5 43. hxg5 Bg6 44. Bd4 Qb7 45. Kh4 Qd7 46. Qe5 Kg8 47. Nf1 Qf7 48. Kg3 Be4 49. Nd2 Bd3 50. Nf3 Be4 51. Qf4 Qxf4+ 52. Kxf4 Kf7 53. Ne5+ Ke8 54. Nxc4 dxc4 55. Kxe4 Kf7 56. Kf5 g6+ 57. Ke5 a4 58. Kd6 a3 59. Kd7 a2 60. Bc3 Kg8 61. Ke7 Kh7 62. Kf6 a1Q 63. Bxa1 1-0

[Event "Santiago Endesa Interempresas tt-B"]
[Site "Santiago de Chile"]
[Date "2010.08.31"]
[Round "8"]
[White "Gonzalez Vassallo, Enzo"]
[Black "Vergara Castillo, Boris"]
[Result "1-0"]
[WhiteElo "1842"]
[BlackElo "2018"]
[PlyCount "83"]
[EventDate "2010.07.13"]
[EventType "team"]
[EventRounds "11"]
[EventCountry "CHI"]
[SourceTitle "EXT 2012"]
[Source "ChessBase"]
[SourceDate "2011.11.24"]
[SourceVersion "1"]
[SourceVersionDate "2011.11.24"]
[SourceQuality "1"]

1. d4 d5 2. c4 c6 3. Nc3 Nf6 4. Nf3 e6 5. Bg5 dxc4 6. a4 Bb4 7. e4 h6 8. Bxf6 gxf6 9. Bxc4 Qa5 10. Rc1 Nd7 11. 0-0 0-0 12. Re1 Qh5 13. e5 f5 14. Be2 Kh8 15. Qd2 Nb6 16. Qf4 Nd5 17. Nxd5 exd5 18. Red1 Be6 19. Kf1 Rg8 20. h4 Rac8 21. Rd3 Rg4 22. Qh2 Rg7 23. Ng1 Qg6 24. Rg3 Qh7 25. Rxg7 Qxg7 26. Nh3 c5 27. Qf4 b6 28. Rd1 Rg8 29. Bf3 Rd8 30. Rd3 a5 31. Be2 Rg8 32. Rg3 Qf8 33. Rxg8+ Kxg8 34. Bd3 cxd4 35. Bxf5 Bxf5 36. Qxf5 Qc5 37. g3 Qc1+ 38. Kg2 Qxb2 39. Nf4 Qb3 40. Nxd5 Qd1 41. Nf6+ Kf8 42. Qc8+ 1-0

[Event "Santiago Endesa 08"]
[Site "Santiago de Chile"]
[Date "2010.06.11"]
[Round "3"]
[White "Vergara Castillo, Boris"]
[Black "Gonzalez Alvarez, Jose"]
[Result "1/2-1/2"]
[WhiteElo "2018"]
[BlackElo "2046"]
[PlyCount "90"]
[EventDate "2010.06.07"]
[EventType "tourn"]
[EventRounds "11"]
[EventCountry "CHI"]
[SourceTitle "EXT 2012"]
[Source "ChessBase"]
[SourceDate "2011.11.24"]
[SourceVersion "1"]
[SourceVersionDate "2011.11.24"]
[SourceQuality "1"]

1. d4 Nf6 2. c4 e6 3. Nc3 Bb4 4. e3 b6 5. Bd3 Bb7 6. Nf3 0-0 7. 0-0 Bxc3 8. bxc3 d6 9. Re1 Ne4 10. Qc2 f5 11. Nd2 Qh4 12. g3 Qf6 13. f4 Nxd2 14. Bxd2 Nd7 15. e4 c5 16. exf5 exf5 17. d5 g6 18. Re6 Qf7 19. Rae1 Rfe8 20. h3 Nf8 21. Rxe8 Rxe8 22. Rb1 Qc7 23. Qa4 Nd7 24. Re1 Rxe1+ 25. Bxe1 Nf6 26. Qxa7 Kf8 27. Kf2 Nd7 28. Bc2 Nb8 29. Ba4 Na6 30. Bb5 Bc8 31. Qa8 Nb8 32. Kf3 h5 33. Qa4 Bd7 34. Qa8 Kg7 35. Bxd7 Nxd7 36. Qc6 Qd8 37. Qxd6 Qe8 38. Kf2 Kf7 39. Qc6 Qe7 40. Qc7 Kf6 41. Qc6+ Kf7 42. Qc7 Kf6 43. Qc8 Kg7 44. Qc6 Kf7 45. Qc8 Kg7 1/2-1/2

[Event "Santiago Endesa 04"]
[Site "Santiago de Chile"]
[Date "2010.05.17"]
[Round "7"]
[White "Abiuso, Diego"]
[Black "Vergara Castillo, Boris"]
[Result "1-0"]
[WhiteElo "2065"]
[BlackElo "2018"]
[PlyCount "105"]
[EventDate "2010.05.03"]
[EventType "tourn"]
[EventRounds "11"]
[EventCountry "CHI"]
[SourceTitle "EXT 2012"]
[Source "ChessBase"]
[SourceDate "2011.11.24"]
[SourceVersion "1"]
[SourceVersionDate "2011.11.24"]
[SourceQuality "1"]

1. e4 e5 2. Nf3 Nc6 3. Bc4 Bc5 4. d3 Nf6 5. c3 d6 6. Nbd2 0-0 7. 0-0 a6 8. Re1 Ba7 9. a3 b5 10. Bb3 Bb7 11. Nf1 h6 12. Ng3 Ne7 13. Qe2 c5 14. h3 Re8 15. Be3 Qd7 16. Rad1 Qc6 17. c4 Ng6 18. Nf5 Bc8 19. N3h4 Nxh4 20. Nxh4 Bb6 21. Qf3 Bd8 22. Nf5 Bxf5 23. Qxf5 Qc8 24. Qf3 Qe6 25. Rc1 Rb8 26. Qd1 b4 27. a4 a5 28. Bc2 Rf8 29. f4 Nh7 30. Rf1 f6 31. f5 Qe8 32. b3 Kh8 33. Qg4 Rg8 34. Qh4 Be7 35. Bd1 Bf8 36. Bh5 Qe7 37. Bg6 Rb7 38. Qh5 Ng5 39. h4 Nf7 40. Kf2 Rc7 41. g4 Rd7 42. Rh1 Rc7 43. g5 Rb7 44. Rcg1 Ra7 45. Rg2 Rb7 46. Rhg1 Ra7 47. Kf1 Rc7 48. Qf3 Ra7 49. Bxf7 Qxf7 50. gxh6 Kh7 51. Rg6 Ra8 52. Qh5 gxh6 53. Rxh6+ 1-0

[Event "Santiago Endesa 04"]
[Site "Santiago de Chile"]
[Date "2010.05.10"]
[Round "4"]
[White "Vergara Castillo, Boris"]
[Black "Henriquez Villagra, Oscar"]
[Result "0-1"]
[WhiteElo "2018"]
[BlackElo "1935"]
[PlyCount "98"]
[EventDate "2010.05.03"]
[EventType "tourn"]
[EventRounds "11"]
[EventCountry "CHI"]
[SourceTitle "EXT 2012"]
[Source "ChessBase"]
[SourceDate "2011.11.24"]
[SourceVersion "1"]
[SourceVersionDate "2011.11.24"]
[SourceQuality "1"]

1. d4 Nf6 2. c4 g6 3. Nc3 Bg7 4. e4 d6 5. Nf3 0-0 6. Be2 c5 7. d5 e6 8. 0-0 exd5 9. cxd5 Re8 10. Nd2 a6 11. a4 a5 12. f3 Na6 13. Nc4 Nc7 14. Bf4 Bf8 15. g4 Rb8 16. Nb6 Nd7 17. Nxc8 Qxc8 18. Qd2 Na6 19. Nb5 Ne5 20. Qxa5 Nb4 21. Qb6 Qd7 22. Nc3 Qe7 23. Bb5 Red8 24. Rad1 Bg7 25. Kg2 g5 26. Bc1 Ng6 27. Ne2 Qf6 28. f4 gxf4 29. Nxf4 Qh4 30. h3 Be5 31. Nh5 Qe7 32. g5 Bh8 33. Ng3 Qe5 34. Qc7 Rf8 35. Rxf7 Nh4+ 36. Kh2 Rxf7 37. Qxb8+ Rf8 38. Qc7 Rf2+ 39. Kh1 Qxg3 40. Qc8+ Kg7 41. Qd7+ Rf7 42. Qg4 Qxg4 43. hxg4 Kf8 44. Rf1 Rxf1+ 45. Bxf1 Be5 46. Kg1 Nf3+ 47. Kg2 Nd4 48. Kf2 Nb3 49. Be3 Bxb2 0-1

[Event "Santiago Endesa 04"]
[Site "Santiago de Chile"]
[Date "2010.05.07"]
[Round "3"]
[White "Moya Esparza, Ignacio"]
[Black "Vergara Castillo, Boris"]
[Result "0-1"]
[WhiteElo "1997"]
[BlackElo "2018"]
[PlyCount "80"]
[EventDate "2010.05.03"]
[EventType "tourn"]
[EventRounds "11"]
[EventCountry "CHI"]
[SourceTitle "EXT 2012"]
[Source "ChessBase"]
[SourceDate "2011.11.24"]
[SourceVersion "1"]
[SourceVersionDate "2011.11.24"]
[SourceQuality "1"]

1. d4 d5 2. Nf3 Nf6 3. c4 e6 4. Bg5 Nbd7 5. e3 c6 6. Nc3 Qa5 7. Qc2 Ne4 8. Bf4 Bb4 9. Rc1 Qxa2 10. Nd2 Nxc3 11. bxc3 Qxc2 12. Rxc2 Be7 13. e4 dxe4 14. Nxe4 Nf6 15. Nd6+ Bxd6 16. Bxd6 Kd7 17. Be5 Ne8 18. d5 f6 19. dxc6+ Kxc6 20. Bd4 e5 21. Be3 Be6 22. Be2 Nd6 23. c5 Nc4 24. Bf3+ Bd5 25. Bxd5+ Kxd5 26. Ke2 Nxe3 27. Kxe3 Kxc5 28. Rb1 b5 29. Rcb2 Rhb8 30. Rd2 Rd8 31. Rdb2 Rab8 32. Ra1 Rd7 33. Rb4 Rb6 34. h4 f5 35. g4 g6 36. h5 Rbd6 37. gxf5 gxf5 38. Ra5 a6 39. Ke2 Rd2+ 40. Kf1 Kb6 0-1

[Event "Santiago Endesa Interempresas tt-B"]
[Site "Santiago de Chile"]
[Date "2009.09.22"]
[Round "10"]
[White "Vergara Castillo, Boris"]
[Black "Pino Pinto, Juan Luis"]
[Result "0-1"]
[WhiteElo "1976"]
[BlackElo "2205"]
[PlyCount "116"]
[EventDate "2009.07.21"]
[EventType "team"]
[EventRounds "11"]
[EventCountry "CHI"]
[SourceTitle "EXT 2012"]
[Source "ChessBase"]
[SourceDate "2011.11.24"]
[SourceVersion "1"]
[SourceVersionDate "2011.11.24"]
[SourceQuality "1"]

1. d4 e6 2. c4 c5 3. d5 d6 4. Nc3 e5 5. e4 g6 6. Nf3 Bg7 7. Bd3 Ne7 8. 0-0 0-0 9. Rb1 Na6 10. a3 h6 11. b4 f5 12. Bd2 g5 13. exf5 Nxf5 14. Ne4 b6 15. b5 Nb8 16. Bc3 Qe7 17. Nfd2 Nd7 18. a4 Nd4 19. a5 Nf6 20. Nxf6+ Rxf6 21. Ne4 Rf8 22. Qh5 Bf5 23. Ra1 Qe8 24. Qxe8 Raxe8 25. axb6 axb6 26. f3 Bxe4 27. fxe4 g4 28. Ra6 Rb8 29. Rxf8+ Bxf8 30. Kf2 Be7 31. Kg3 h5 32. Bd2 Rb7 33. h3 gxh3 34. Kxh3 Kf7 35. Be1 Kg6 36. Ra8 Nb3 37. Bh4 Bxh4 38. Kxh4 Nc1 39. Bc2 Ne2 40. g3 Rf7 41. Rd8 Rf6 42. Bd1 Nc3 43. Bxh5+ Kg7 44. Rd7+ Kh8 45. Rb7 Nxe4 46. Rxb6 Nd2 47. Rb8+ Kg7 48. b6 Rf1 49. Rd8 Rb1 50. Rxd6 Nxc4 51. Rd7+ Kh6 52. b7 Rh1+ 53. Kg4 Rb1 54. Bf7 e4 55. d6 Ne5+ 56. Kf4 Nxd7 57. Kxe4 Rxb7 58. Kf5 c4 0-1

[Event "Santiago Endesa Interempresas tt-B"]
[Site "Santiago de Chile"]
[Date "2009.07.28"]
[Round "2"]
[White "Caceres Salinas, David Alejandro"]
[Black "Vergara Castillo, Boris"]
[Result "1-0"]
[WhiteElo "1899"]
[BlackElo "1976"]
[PlyCount "77"]
[EventDate "2009.07.21"]
[EventType "team"]
[EventRounds "11"]
[EventCountry "CHI"]
[SourceTitle "EXT 2012"]
[Source "ChessBase"]
[SourceDate "2011.11.24"]
[SourceVersion "1"]
[SourceVersionDate "2011.11.24"]
[SourceQuality "1"]

1. e4 e6 2. d4 d5 3. exd5 exd5 4. Bd3 Bd6 5. Nf3 Ne7 6. Bg5 f6 7. Bd2 Nbc6 8. 0-0 Bg4 9. c3 Qd7 10. b4 0-0-0 11. a4 h5 12. a5 g5 13. Na3 Bf5 14. Ne1 Ng6 15. Bb5 Bf4 16. Bxf4 gxf4 17. Qa4 Nge7 18. Be2 Rdg8 19. b5 Nb8 20. Qd1 h4 21. b6 a6 22. bxc7 Kxc7 23. c4 Nbc6 24. cxd5 Nxd5 25. Rc1 h3 26. g3 fxg3 27. hxg3 Be4 28. Bf3 h2+ 29. Kh1 Qh3 30. Ng2 f5 31. Bxe4 fxe4 32. Rc5 Qe6 33. Qb3 Rg5 34. Rb1 Rb8 35. Ne3 Qf7 36. Nxd5+ Rxd5 37. Rxd5 Qxf2 38. Nc4 Nxd4 39. Qb6+ 1-0

[Event "Santiago Endesa 13"]
[Site "Santiago de Chile"]
[Date "2009.07.06"]
[Round "3"]
[White "Vergara Castillo, Boris"]
[Black "Gonzalez Reyes, Gabriel"]
[Result "1/2-1/2"]
[WhiteElo "2011"]
[BlackElo "1921"]
[PlyCount "146"]
[EventDate "2009.07.01"]
[EventType "tourn"]
[EventRounds "11"]
[EventCountry "CHI"]
[SourceTitle "EXT 2012"]
[Source "ChessBase"]
[SourceDate "2011.11.24"]
[SourceVersion "1"]
[SourceVersionDate "2011.11.24"]
[SourceQuality "1"]

1. d4 d5 2. c4 c6 3. Nf3 Nf6 4. Nc3 e6 5. Bg5 Be7 6. e3 0-0 7. Rc1 Nbd7 8. h3 a6 9. cxd5 exd5 10. Bd3 Re8 11. 0-0 h6 12. Bh4 Ne4 13. Bxe7 Qxe7 14. Bxe4 dxe4 15. Nd2 Nf6 16. Nc4 Bf5 17. Nb6 Rad8 18. Qb3 Be6 19. Qc2 Qb4 20. Nba4 Bc4 21. a3 Qe7 22. Rfd1 Bd3 23. Qb3 b5 24. Nc5 Bc4 25. Qb4 Ra8 26. Qa5 Nd7 27. N5xe4 f5 28. Nd2 Bf7 29. Qc7 Rec8 30. Qf4 Qe6 31. e4 fxe4 32. Ndxe4 g5 33. Qd6 Qxd6 34. Nxd6 Rd8 35. Nxf7 Kxf7 36. Ne4 Nb8 37. Rc5 Ra7 38. Rf5+ Kg7 39. d5 Re7 40. f3 cxd5 41. Rfxd5 Rxd5 42. Rxd5 Rd7 43. Rc5 Ra7 44. Kf2 Nd7 45. Rf5 Rc7 46. Kg3 Rc6 47. h4 Kg6 48. Rd5 Nb6 49. Rd6+ Rxd6 50. Nxd6 gxh4+ 51. Kxh4 Na4 52. b4 Nc3 53. Ne4 Nb1 54. Nc5 Nxa3 55. Nxa6 Nc2 56. g4 Ne3 57. f4 Nd5 58. f5+ Kg7 59. Kh5 Nf4+ 60. Kh4 Nd5 61. Kg3 Kf6 62. Kh4 Kg7 63. Nc5 Nxb4 64. Ne6+ Kh7 65. Nd4 Nd3 66. Nxb5 Ne5 67. Nd4 Nd7 68. Ne6 Kg8 69. Nf4 Kg7 70. Nh5+ Kf7 71. Kg3 Nf8 72. Kf4 Nh7 73. Ke5 Ng5 1/2-1/2

[Event "Santiago Endesa op 1st"]
[Site "Santiago de Chile"]
[Date "2009.05.07"]
[Round "6"]
[White "Caurapan Osses, Jaime"]
[Black "Vergara Castillo, Boris"]
[Result "1-0"]
[WhiteElo "2167"]
[BlackElo "2013"]
[PlyCount "67"]
[EventDate "2009.04.21"]
[EventType "swiss"]
[EventRounds "9"]
[EventCountry "CHI"]
[SourceTitle "EXT 2012"]
[Source "ChessBase"]
[SourceDate "2011.11.24"]
[SourceVersion "1"]
[SourceVersionDate "2011.11.24"]
[SourceQuality "1"]

1. e4 e6 2. Nf3 d5 3. Nc3 c5 4. d3 Nc6 5. g3 d4 6. Ne2 e5 7. Bg2 Nf6 8. 0-0 Be7 9. h3 h6 10. Nh2 0-0 11. f4 Nh7 12. Nf3 Bf6 13. f5 Bg5 14. Nxg5 Nxg5 15. f6 Nxh3+ 16. Kh2 Qd7 17. fxg7 Kxg7 18. Rf5 Ng5 19. Bxg5 hxg5 20. Rxg5+ Kf6 21. Qd2 Ke7 22. Rg7 Qe6 23. Rf1 Kd8 24. Qg5+ Qe7 25. Rf6 Be6 26. c3 Kc7 27. b4 cxb4 28. cxd4 exd4 29. Nf4 Rh8+ 30. Kg1 Bxa2 31. Rxc6+ Kd7 32. Rc7+ Kxc7 33. Qxe7+ Kb6 34. Qxb4+ 1-0

[Event "Santiago Endesa Classification"]
[Site "Santiago de Chile"]
[Date "2008.10.06"]
[Round "8"]
[White "Vergara Castillo, Boris"]
[Black "Laporte Fernadez, Alejandro"]
[Result "1/2-1/2"]
[WhiteElo "1990"]
[BlackElo "1844"]
[PlyCount "91"]
[EventDate "2008.09.24"]
[EventType "swiss"]
[EventRounds "9"]
[EventCountry "CHI"]
[SourceTitle "EXT 2012"]
[Source "ChessBase"]
[SourceDate "2011.11.24"]
[SourceVersion "1"]
[SourceVersionDate "2011.11.24"]
[SourceQuality "1"]

1. d4 g6 2. c4 d6 3. Nc3 Nf6 4. e4 Bg7 5. Nf3 0-0 6. Be2 Nc6 7. 0-0 e5 8. d5 Ne7 9. Ne1 Ne8 10. Be3 f5 11. f3 f4 12. Bf2 g5 13. a4 h5 14. a5 a6 15. c5 Nf6 16. cxd6 cxd6 17. Na4 Bh6 18. Nb6 Rb8 19. Rc1 g4 20. Nxc8 Rxc8 21. Rxc8 Qxc8 22. Nd3 Kh8 23. Qb3 gxf3 24. Bxf3 Ng4 25. Rc1 Qd7 26. Bb6 Rc8 27. Rc3 Ng6 28. Qc2 Rxc3 29. Qxc3 Nh4 30. Qc7 Qb5 31. Bxg4 Qxd3 32. Qd8+ Kh7 33. Qe7+ Kg6 34. Qxh4 hxg4 35. Qxg4+ Kh7 36. Qf5+ Kg8 37. Qg6+ Bg7 38. Qe6+ Kh7 39. Qf5+ Kg8 40. h4 Qd1+ 41. Kh2 Qe1 42. h5 Qg3+ 43. Kh1 Qe1+ 44. Kh2 Qg3+ 45. Kh1 Qe1+ 46. Kh2 1/2-1/2